| 000 | 00613nam a22001937a 4500 | ||
|---|---|---|---|
| 005 | 20171026123735.0 | ||
| 010 | _aENG-120941 | ||
| 020 |
_c550.00 _a978817541086 |
||
| 035 | _aEN-104473 | ||
| 037 | _bDBAD/PUB | ||
| 082 | _a320.550954 | ||
| 100 | _aBarik,R.K. | ||
| 245 |
_aSaffron regime : _cby R.K. Barik _bideology liberal intelligentsia and fear/ |
||
| 260 |
_aDelhi _bShipra _c2012 |
||
| 270 |
_aH. O. LG 18-19,Pankaj Central Market, Patparganj _bDelhi _e110092 |
||
| 300 |
_ax,186p. _c23cm(Hb) |
||
| 500 | _aIncludes bibliographical references | ||
| 942 |
_2ddc _cEN _h320.550954 _mBAR |
||
| 999 |
_c146855 _d146855 |
||